00541 a2200169 4500008004100000020001800041082002000059100002400079245006400103250001200167260004500179300001700224490004400241650004200285700002400327700002000351210812b ||||| |||| 00| 0 eng d a978140817606100a623.8503bL3998 aLavers, Christopher aReeds Vol 6: Basic electrotechnology for marine engineers / a4th ed. aLondon: bAdlard Coles Nautical, c2013. axv, 512 p. 0 aReeds Marine Engineering and Technology 0aBoats and boating-Electric equipments aKraal, Edmund G. R. aBuyers, Stanley